000 00334nam a22001457a 4500
008 221104b ||||| |||| 00| 0 eng d
020 _a9781422425145
041 _aeng
080 _2SEVENTH EDITION
_a33
082 _a33
100 _a22.1
101 _aBIZ
245 _aEVIDENTIARY FOUNDATIONS
_cIMWINKELRIED E
942 _2udc
_cBK
999 _c58736
_d58736